[Event "ISL-chT1 1819"]
[Site "Reykjavik"]
[Date "2018.11.09"]
[Round "2.3"]
[White "Skarphedinsson, Gunnar"]
[Black "Vilmundarson, Leifur Ingi"]
[Result "1/2-1/2"]
[WhiteElo "1844"]
[BlackElo "2014"]
[PlyCount "75"]
[EventDate "2018.11.08"]
[EventType "team-tourn"]
[EventRounds "9"]
[EventCountry "ISL"]
[SourceTitle "CBM 187 Extra"]
[Source "ChessBase"]
[SourceDate "2018.11.04"]
[SourceVersion "1"]
[SourceVersionDate "2018.11.04"]
[SourceQuality "1"]
[WhiteTeam "Skakdeild KR"]
[BlackTeam "Taflfelag Gardjabaejar"]
[WhiteTeamCountry "ISL"]
[BlackTeamCountry "ISL"]

1. c4 c6 2. d4 d5 3. e3 e6 4. Nc3 f5 5. Nf3 Nf6 6. Bd3 Bd6 7. 0-0 0-0 8. a3 Ne4 9. Ne5 Nd7 10. f4 Ndf6 11. Qe1 Bd7 12. b4 Nxc3 13. Qxc3 Ne4 14. Qe1 Qe7 15. Bb2 Rfc8 16. c5 Bxe5 17. dxe5 h6 18. Bxe4 fxe4 19. Bd4 Kh7 20. Kh1 Rg8 21. Ra2 Raf8 22. Raf2 Qh4 23. Re2 Qxe1 24. Rexe1 g5 25. g3 Be8 26. fxg5 hxg5 27. h3 Rf3 28. Kg2 Rgf8 29. Rxf3 exf3+ 30. Kf2 Bg6 31. a4 Bd3 32. Rd1 Be2 33. Rb1 a6 34. Ra1 Kg6 35. g4 Rh8 36. a5 Bd3 37. Rh1 Be4 38. Bc3 1/2-1/2

[Event "ISL-chT2 1516"]
[Site "Reykjavik"]
[Date "2015.09.26"]
[Round "4.4"]
[White "Valdimarsson, Einar"]
[Black "Vilmundarson, Leifur Ingi"]
[Result "1/2-1/2"]
[WhiteElo "2022"]
[BlackElo "2028"]
[PlyCount "36"]
[EventDate "2015.09.25"]
[EventType "team-tourn"]
[EventRounds "7"]
[EventCountry "ISL"]
[SourceTitle "EXT 2017"]
[Source "ChessBase"]
[SourceDate "2016.10.25"]
[SourceVersion "1"]
[SourceVersionDate "2016.10.25"]
[SourceQuality "1"]
[WhiteTeam "Borgarnes"]
[BlackTeam "Gardabaer"]
[WhiteTeamCountry "ISL"]
[BlackTeamCountry "ISL"]

1. e4 d6 2. d4 Nf6 3. Bd3 e5 4. c3 d5 5. dxe5 dxe4 6. exf6 exd3 7. Nf3 Qxf6 8. 0-0 Bd6 9. Qxd3 0-0 10. Bg5 Qf5 11. Qxf5 Bxf5 12. Nd4 Bd7 13. Rd1 a6 14. Nd2 Nc6 15. Ne4 Rfe8 16. Nxd6 cxd6 17. Nxc6 Bxc6 18. Rxd6 Re2 1/2-1/2

[Event "ISL-chT 0910"]
[Site "Reykjavik"]
[Date "2010.03.05"]
[Round "5"]
[White "Vilmundarson, Leifur Ingi"]
[Black "Karason, Askell Orn"]
[Result "1/2-1/2"]
[WhiteElo "2036"]
[BlackElo "2248"]
[PlyCount "88"]
[EventDate "2009.09.25"]
[EventType "team-tourn"]
[EventRounds "7"]
[EventCountry "ISL"]
[SourceTitle "EXT 2011"]
[Source "ChessBase"]
[SourceDate "2010.11.26"]
[SourceVersion "1"]
[SourceVersionDate "2010.11.26"]
[SourceQuality "1"]

1. e4 c5 2. Nf3 d6 3. Bb5+ Nc6 4. 0-0 Bd7 5. Re1 a6 6. Bxc6 Bxc6 7. d4 cxd4 8. Qxd4 Nf6 9. Bg5 e6 10. Nc3 Be7 11. Rad1 0-0 12. Qe3 Qc7 13. Nd4 b5 14. a3 Rfc8 15. h3 Qb7 16. Re2 b4 17. axb4 Qxb4 18. Nb3 a5 19. Rd4 Qb8 20. Rc4 Qb7 21. Nd4 Bd7 22. Rxc8+ Rxc8 23. b3 Qb4 24. Na2 Qa3 25. Nc1 e5 26. Nf3 Qa1 27. Kh2 Rc3 28. Qd2 Bb5 29. Bxf6 Bxe2 30. Nxe2 Rxf3 31. Bxe7 Rxf2 32. Bh4 Rf1 33. Ng3 Rd1 34. Qg5 h6 35. Qg4 g5 36. Bxg5 hxg5 37. Qxg5+ Kh7 38. Qh5+ Kg8 39. Qg5+ Kh7 40. Nf5 Rh1+ 41. Kg3 Qe1+ 42. Kg4 Qxe4+ 43. Kh5 Qe2+ 44. Kh4 Qe4+ 1/2-1/2

[Event "ISL-chT 0405"]
[Site "Reykjavik"]
[Date "2005.03.05"]
[Round "6"]
[White "Vilmundarson, Leifur Ingi"]
[Black "Thorsteinsson, Arnar"]
[Result "1/2-1/2"]
[WhiteElo "1982"]
[BlackElo "2279"]
[PlyCount "62"]
[EventDate "2004.11.19"]
[EventType "team"]
[EventRounds "7"]
[EventCountry "ISL"]
[SourceTitle "EXT 2006"]
[Source "ChessBase"]
[SourceDate "2005.11.24"]
[SourceVersion "1"]
[SourceVersionDate "2005.11.24"]
[SourceQuality "1"]

1. d4 d5 2. c4 e6 3. Nc3 c6 4. e3 Nf6 5. Nf3 Nbd7 6. Qc2 Bd6 7. b3 0-0 8. Bd3 Re8 9. Bb2 dxc4 10. Bxc4 b5 11. Bd3 a6 12. 0-0 Bb7 13. Rfd1 Qe7 14. Ng5 Bxh2+ 15. Kxh2 Ng4+ 16. Kg1 Qxg5 17. Bxh7+ Kh8 18. Be4 f5 19. Bf3 Ndf6 20. Ne2 Qh6 21. Nf4 Kg8 22. Rac1 g5 23. Nxe6 Rxe6 24. Qxf5 Rae8 25. d5 Rd6 26. Bxg4 Bc8 27. Qxc8 Rxc8 28. Bxc8 Nxd5 29. Be5 Rd8 30. Bb7 Qe6 31. Bc7 Qe7 1/2-1/2

[Event "ISL-chT 0405"]
[Site "Reykjavik"]
[Date "2005.03.04"]
[Round "5"]
[White "Vilmundarson, Leifur Ingi"]
[Black "Bjornsson, Gunnar"]
[Result "1/2-1/2"]
[WhiteElo "1982"]
[BlackElo "2155"]
[PlyCount "58"]
[EventDate "2004.11.19"]
[EventType "team"]
[EventRounds "7"]
[EventCountry "ISL"]
[SourceTitle "EXT 2006"]
[Source "ChessBase"]
[SourceDate "2005.11.24"]
[SourceVersion "1"]
[SourceVersionDate "2005.11.24"]
[SourceQuality "1"]

1. d4 d5 2. c4 c6 3. cxd5 cxd5 4. Nc3 Nf6 5. Bf4 e6 6. Nf3 Nc6 7. e3 Bd6 8. Bxd6 Qxd6 9. Bd3 0-0 10. 0-0 Bd7 11. Qe2 Rac8 12. Rac1 e5 13. Nb5 Qb8 14. Nxe5 Nxe5 15. dxe5 Qxe5 16. Nd4 Rfe8 17. Bb5 Bg4 18. Qd3 Red8 19. Qa3 a6 20. Bd3 Ne4 21. Bxe4 dxe4 22. Qb4 Rc7 23. h3 Bh5 24. Rc3 Rdc8 25. Rfc1 h6 26. Rxc7 Rxc7 27. Rxc7 Qxc7 28. Qd2 Kh7 29. b4 Bg6 1/2-1/2